| 000 | 00594nam a2200205Ia 4500 | ||
|---|---|---|---|
| 001 | 14559 | ||
| 003 | IVS | ||
| 005 | 20250626030538.0 | ||
| 008 | 211022s9999 xx 000 0 und d | ||
| 040 | _cIVS | ||
| 082 | _a746 SAA | ||
| 100 | _aSaamia Khan Bozai | ||
| 245 | 0 | _aFormation of Male Gender Identity through Fashion & Clothing in Pakistan | |
| 260 | _aKarachi | ||
| 260 | _bIndus Valley School of Art & Architecture | ||
| 260 | _c2019 | ||
| 300 | _a41 pages | ||
| 856 | _uhttps://drive.google.com/file/d/1JlGgc-C4-uCyDLxcs8PgpvDi6yctCgZV/view?usp=sharing | ||
| 942 |
_cDISS _2ddc _n0 |
||
| 999 |
_c10281 _d10281 |
||